000 00470nam a2200181Ia 4500
005 20250508161538.0
008 008 250505s9999 xx 000 0 eng d
037 _aTextual
040 _aFEDL
_beng
_cFEDL
041 _aeng
_2eng
084 _a211, GAN
_qFEDL
100 _aGandhi M. K.
245 0 _aMy god
260 _aAhmedabad, India
_bNavjivan Prakashan Mandir
_c1962
300 _a57p.
942 _cTEXL
_h211, GAN
999 _c1370688
_d1370688